Principles of Modern Marketing

Guardado en:
Detalles Bibliográficos
Autor principal: Husted, Stewart W.
Otros Autores: Varble, Dale L., Lowry, James R.
Formato: Libro
Lenguaje:inglés
Publicado: Boston Allyn and Bacon 1989
Edición:1. ed.
Materias:
Etiquetas: Agregar Etiqueta
Sin Etiquetas, Sea el primero en etiquetar este registro!

MARC

LEADER 00000nam a2200000 4500
001 c010006
005 20221206131551.8
020 |a 0-205-11575-6 
041 0 |a eng 
044 |a US 
245 1 0 |a Principles of Modern Marketing  |c Stewart W. Husted, Dale L. Varble, James R. Lowry 
250 |a 1. ed. 
264 1 |a Boston  |b Allyn and Bacon  |c 1989 
300 |a 722 s. 
610 2 0 |a marketing 
610 2 0 |a prognózovanie 
610 2 0 |a trh 
610 2 0 |a plánovanie 
610 2 0 |a plánovanie strategické 
610 2 0 |a kontrola 
610 2 0 |a marketing medzinárodný 
100 1 |a Husted, Stewart W. 
700 1 |a Varble, Dale L. 
700 1 |a Lowry, James R.